000
00354nam a2200157Ia 4500
003
OSt
005
20240101045737.0
008
170524s9999 xx 000 0 und d
020
_a
9788177582932
040
_c
iimtu
100
_a
Jriffiths David J
245
0
_a
Introducation to Electrodynamics
260
_b
Person
260
_c
2007
942
_2
ddc
_c
02
999
_c
4634
_d
4634